Lugares que Bad Bunny ha mencionado - Estadísticas

Estadísticas generales
  • Esta prueba ha sido intentada 226 veces
  • La puntuación promedio es 22 de 103
Estadísticas de respuestas
Tipo de lugar Canción Lugar % Correcto
Territorio Vuelve Candy B | Mercedes Carota | Cybertruck | Fina | Nadie Sabe | Gently | Mojabi Ghost | Coco Chanel | Agosto | Me fui de vacaciones | Andrea | 120 | Sorry papi | Hoy cobre | Ronca Freestyle | 25/8 | Está cabrón ser yo | <3 | P FKN R | Bendiciones | Tranquilo | Tú no vive' así | Lean | Está rico | Estamos bien | La Romana | Kemba Walker | Yo le llego | Soy El Diablo (Remix) | 100 Millones | Desde el corazón | Acho PR | Tití me preguntó | La jumpa | El apagón | Pure | Thinkin Puerto Rico
91%
País Tranquilo Colombia
71%
País Vuelve Candy B Estados Unidos
70%
País Un Coco | Loca Argentina
69%
País Gently | Vuelve Candy B | Soy El Diablo (Remix) México
66%
País Vuelve Candy B | Báilame (Remix) | Maldita pobreza Francia
62%
Ciudad La jumpa | Tití me preguntó Barcelona
61%
País Gently | Ronca Freestyle | 25/8 | De las dos | Me llueven | Un Preview | El apagón | Lean República Dominicana
61%
País Un Coco | Yo le llego | Hablamos mañana Chile
60%
País Sorry papi | Báilame (Remix) | Thinkin Venezuela
60%
País Original | Thinkin Italia
57%
País Teléfono nuevo Cuba
53%
País Monaco Mónaco
53%
Ciudad Si tu novio te deja sola | No me quiero casar | Baticano | Lean | Krippy Kush | Tú no vive' así Nueva York
53%
Ciudad Thinkin | K-pop | Mojabi Ghost | Odio | Mojaita | Otra noche en Miami | 25/8 | Bendiciones | Tú no metes cabra | 100 Millones Miami
51%
País Baticano Ciudad del Vaticano
46%
Continente Soy El Diablo (Remix) América
45%
País Vuelve China
44%
Ciudad Thunder y Lightning Los Ángeles
43%
Ciudad Me acostumbré París
42%
País Mercedes Carota Perú
42%
Ciudad Loca | Hablamos mañana Buenos Aires
38%
Ciudad Desde el corazón | Cántalo | Triste | Baby nueva San Juan
38%
País Yo le llego Panamá
37%
País Baticano Alemania
34%
Galaxia Seda Vía Láctea
34%
Río / Selva La zona Amazonas
33%
Ciudad Ciudao por ahí Cali
32%
País Báilame (Remix) | Pure Bahamas
29%
Mar Yo no soy celoso | Nadie sabe Caribe
29%
Galaxia Seda Andrómeda
28%
Continente Yo no soy celoso Antártica
28%
Ciudad Un día (One Day) Londres
28%
Ciudad 25/8 | Cómo se siente (Remix) Tokio
28%
País La Cartera Jamaica
27%
Estado Vou 787 California
24%
Estado Maldita pobreza Hawái
23%
Ciudad Moscow Mule | Báilame (Remix) Cancún
22%
País Un Coco El Salvador
22%
Ciudad Moscow Mule Moscú
21%
Ciudad Kemba Walker Houston
19%
Ciudad La jumpa Alicante
18%
Objeto celestial Mr. October Luna
17%
Objeto celestial Vou 787 | Trellas Marte
17%
Ciudad Coco Chanel Milán
17%
Ciudad Está cabrón ser yo | El apagón Bayamón
16%
Objeto celestial Kemba Walker Plutón
16%
Ciudad Báilame (Remix) Punta Cana
16%
Islas Yonaguni Yonaguni
16%
Ciudad Yo le llego Santo Domingo
15%
País El apagón Maldivas
14%
Barrio Thunder y Lightning | Mercedes Carota | La jumpa Santurce
14%
Municipio El apagón | 25/8 | Ciudao por ahí Carolina
13%
Ciudad De las dos | Cántalo La Habana
13%
Ciudad Tití me preguntó San Antonio
13%
Parque No te hagas Central Park
12%
Barrio La jumpa Almirante
11%
País Coco Chanel San Marino
10%
Barrio Andrea La Perla
9%
Ciudad Coco Chanel Phoenix
9%
Ciudad Hablamos mañana Quito
9%
Ciudad La Romana La Romana
8%
Ciudad Un día (One Day) Marbella
8%
Ciudad Está cabrón ser yo Orlando
8%
Islas Moscow Mule Balí
7%
Ciudad Nadie sabe Atenas
6%
Región Soy El Diablo (Remix) Latinoamérica
6%
País Cuando perriabas Singapur
6%
Ciudad 120 Beverly Hills
5%
Ciudad Odio | La Romana Dubái
5%
Territorio Vou 787 Guayana Francesa
5%
Estadio Teléfono nuevo Madison Square Garden
5%
Barrio Me fui de vacaciones Boquerón
4%
Barrio Solita Bronx
4%
Estado Kemba Walker Connecticut
4%
País Original Fiyi
4%
Ciudad Efecto Florencia
4%
Islas Thunder y Lightning Formentera
4%
Municipio Desde el corazón | Me fui de vacaciones Mayagüez
4%
Barrio Thunder y Lightning Cantera
3%
Playa Cántalo Copacabana
3%
Ciudad X última vez Denver
3%
Parque Yo no soy celoso Gran Cañón
3%
Estado Gracias por nada Kansas
3%
Ciudad Me fui de vacaciones Manatí
3%
Ciudad Loca Mendoza
3%
Barrio Nadie sabe Montecarlo
3%
Estado Baticano Pensilvania
3%
Ciudad X última vez Charlotte
2%
Barrio Teléfono nuevo Hollywood
2%
Ciudad Coco Chanel Rimini
2%
Ciudad El apagón Rincón
2%
Barrio P FKN R Barrio Obrero
1%
Islas Mojaita Bora Bora
1%
Ciudad Andrea Daytona
1%
Ciudad Me fui de vacaciones La Parguera
1%
Municipio Acho PR Loiza
1%
Provincia Thunder y Lightning Ontario
1%
Islas El apagón Palominos
1%
Territorio Un día (One Day) | Mojabi Ghost Turcas y Caicos
1%
Región Vou 787 West Coast
1%
Islas K-pop Cayo Musha
0%
Barrio Tú no vive' así Padilla
0%
No se encontraron pruebas coincidentes
Distribución de puntuación
Porcentaje de gente con cada puntuación
Porcentaje por número respondido
Historial de tus puntuaciones
No has intentado esta prueba.